Morza Europy - Statystyki

Ogólne statystyki
  • Ten quiz został rozwiązany 223 razy
  • Średni wynik to 9 z 17
Statystyki odpowiedzi
Morze: % Poprawnych
Bałtyckie
96%
Czarne
92%
Śródziemne
86%
Północne
75%
Adriatyckie
67%
Norweskie
66%
Białe
57%
Egejskie
57%
Jońskie
53%
Tyrreńskie
45%
Azowskie
39%
Kaspijskie
38%
Barentsa
37%
Liguryjskie
22%
Grenlandzkie
20%
Arktyczne
8%
Zatoka Biskańska
1%
Nie znaleziono quizów pasujących do podanych kryteriów
Rozkład punktacji
Procent ludzi z każdym wynikiem
Percentyl według liczby udzielonych odpowiedzi
Twoja historia wyników
Nie rozwiązałeś tego quizu